书目信息 |
| 题名: |
我国竞技体育后备人才培养及退役运动员安置问题研究
|
|
| 作者: | 王欣 著 | |
| 分册: | ||
| 出版信息: | 北京 中国书籍出版社 2021.1 |
|
| 页数: | 253页 | |
| 开本: | 24cm | |
| 丛书名: | 高校学术研究论著丛刊 | |
| 单 册: | ||
| 中图分类: | D669.2 , G812.5 | |
| 科图分类: | ||
| 主题词: | 竞技体育--后备力量--人才培养--研究--中国 , 退役--运动员--再就业--研究--中国 | |
| 电子资源: | ||
| ISBN: | 978-7-5068-7506-6 | |
| 000 | 01372nam2 2200313 45 | |
| 001 | 012001001782 | |
| 005 | 20141011140806.0 | |
| 010 | @a978-7-5068-7506-6@dCNY80.00 | |
| 100 | @a20210315d2021 em y0chiy50 ea | |
| 101 | 0 | @achi |
| 102 | @aCN@b110000 | |
| 105 | @aak az 000yy | |
| 106 | @ar | |
| 200 | 1 | @a我国竞技体育后备人才培养及退役运动员安置问题研究@Awo guo jing ji ti yu hou bei ren cai pei yang ji tui yi yun dong yuan an zhi wen ti yan jiu@f王欣著 |
| 210 | @a北京@c中国书籍出版社@d2021.1 | |
| 215 | @a253页@c图@d24cm | |
| 225 | 2 | @a高校学术研究论著丛刊@i艺术体育 |
| 320 | @a有书目 (第250-253页) | |
| 330 | @a本书主要围绕竞技体育后备人才培养和退役运动员安置两个方面的问题展开研究, 前者首先阐释竞技体育后备人才选拔与培养的基础理论, 然后重点对我国竞技体育后备人才的文化素质培养、竞技能力培养、江苏省竞技体育后备人才培养以及后备人才培养质量的管理进行研究 ; 后者首先分析我国退役运动员安置的基本情况, 然后提出改善安置现状的建议与对策, 最后重点探讨江苏省优秀退役运动员的安置。 | |
| 410 | 0 | @12001 @a高校学术研究论著丛刊 |
| 461 | 0 | @12001 @a高校学术研究论著丛刊 |
| 462 | 0 | @12001@a艺术体育 |
| 606 | 0 | @a竞技体育@x后备力量@x人才培养@x研究@y中国 |
| 606 | 0 | @a退役@x运动员@x再就业@x研究@y中国 |
| 690 | @aD669.2@v5 | |
| 690 | @aG812.5@v5 | |
| 701 | 0 | @a王欣@Awang xin@4著 |
| 801 | 0 | @aCN@b江苏凤凰@c20211018 |
| 905 | @b1345697-700@dD669.2@e274@f4 | |
| 我国竞技体育后备人才培养及退役运动员安置问题研究/王欣著.-北京:中国书籍出版社,2021.1 |
| 253页:图;24cm.-(高校学术研究论著丛刊.艺术体育) |
| ISBN 978-7-5068-7506-6:CNY80.00 |
| 本书主要围绕竞技体育后备人才培养和退役运动员安置两个方面的问题展开研究, 前者首先阐释竞技体育后备人才选拔与培养的基础理论, 然后重点对我国竞技体育后备人才的文化素质培养、竞技能力培养、江苏省竞技体育后备人才培养以及后备人才培养质量的管理进行研究 ; 后者首先分析我国退役运动员安置的基本情况, 然后提出改善安置现状的建议与对策, 最后重点探讨江苏省优秀退役运动员的安置。 |
| ● |
| 相关链接 |
|
|
|
|
正题名:我国竞技体育后备人才培养及退役运动员安置问题研究
索取号:D669.2/274
 
预约/预借
| 序号 | 登录号 | 条形码 | 馆藏地/架位号 | 状态 | 备注 |
| 1 | 1345697 | 213456972 | 第一样本阅览室/ [索取号:D669.2/274] | 在馆 | |
| 2 | 1345698 | 213456981 | 第一借阅区/ [索取号:D669.2/274] | 在馆 | |
| 3 | 1345699 | 213456990 | 第一借阅区/ [索取号:D669.2/274] | 在馆 | |
| 4 | 1345700 | 213457007 | 第一借阅区/ [索取号:D669.2/274] | 在馆 |